Organic Spectroscopy (Record no. 306)

MARC details
000 -LEADER
fixed length control field 00542nam a22002177a 4500
003 - CONTROL NUMBER IDENTIFIER
control field OSt
005 - DATE AND TIME OF LATEST TRANSACTION
control field 20210319102729.0
008 - FIXED-LENGTH DATA ELEMENTS--GENERAL INFORMATION
fixed length control field 140801b xxu||||| |||| 00| 0 eng d
020 ## - INTERNATIONAL STANDARD BOOK NUMBER
International Standard Book Number 9781403906847
040 ## - CATALOGING SOURCE
Transcribing agency DLC
082 ## - DEWEY DECIMAL CLASSIFICATION NUMBER
Classification number 547 KEM 2011
100 ## - MAIN ENTRY--PERSONAL NAME
Personal name Kemp, William
9 (RLIN) 22
245 ## - TITLE STATEMENT
Title Organic Spectroscopy
250 ## - EDITION STATEMENT
Edition statement 3rd ed.
260 ## - PUBLICATION, DISTRIBUTION, ETC. (IMPRINT)
Place of publication, distribution, etc. India :
Name of publisher, distributor, etc. Palgrave;
Date of publication, distribution, etc. 2011.
300 ## - PHYSICAL DESCRIPTION
Extent xxii, 393 p. :
Other physical details ill ;
Dimensions 22 cm.
504 ## - BIBLIOGRAPHY, ETC. NOTE
Bibliography, etc Includes index
650 ## - SUBJECT ADDED ENTRY--TOPICAL TERM
Topical term or geographic name as entry element Spectroscopy
9 (RLIN) 807
650 ## - SUBJECT ADDED ENTRY--TOPICAL TERM
Topical term or geographic name as entry element Organic chemistry
9 (RLIN) 814
942 ## - ADDED ENTRY ELEMENTS (KOHA)
Source of classification or shelving scheme Other/Generic Classification Scheme
Koha item type Book Bank
Holdings
Withdrawn status Lost status Source of classification or shelving scheme Damaged status Not for loan Home library Current library Date acquired Source of acquisition Inventory number Total Checkouts Full call number Barcode Date last seen Date last checked out Koha item type
    Dewey Decimal Classification     MUST Main Library MUST Main Library 01/08/2014   12/36538 1 547 KEM 2011 2014-1655 15/12/2020 13/02/2020 Book Bank
    Dewey Decimal Classification     MUST Main Library MUST Main Library 01/08/2014   12/36535   547 KEM 2011 2014-1656 01/08/2014   Book Bank
    Dewey Decimal Classification     MUST Main Library MUST Main Library 01/08/2014   12/36536   547 KEM 2011 2014-1657 01/08/2014   Book Bank
    Dewey Decimal Classification     MUST Main Library MUST Main Library 01/08/2014   12/36537   547 KEM 2011 2014-1658 01/08/2014   Book Bank
    Dewey Decimal Classification     Pharmacy Department Library Pharmacy Department Library 08/11/2018   12/36534   547 KEM 2011 2018-0400 08/11/2018   Short Loan